Loading...
| History - American | 1 | 5 | 2 | 2 | 55 | 82 | 120.00 | 0 | 0 | 0.00 | 0.00 |
| History - World | 2 | 2 | 2 | 0 | 40 | 59 | 101.00 | 1 | 2 | 0.00 | 0.00 |
| History - Other | 0 | 4 | 0 | 1 | 40 | 87 | 120.25 | 0 | 0 | 0.00 | 0.00 |
| Philosophy | 0 | 3 | 0 | 1 | 30 | 99 | 129.00 | 0 | 1 | 0.00 | 0.00 |
| History - European | 0 | 4 | 2 | 1 | 30 | 138 | 149.75 | 0 | 0 | 0.00 | 0.00 |
| Literature - British | 0 | 3 | 0 | 1 | 30 | 113 | 131.67 | 0 | 0 | 0.00 | 0.00 |
| Geography | 0 | 3 | 1 | 2 | 25 | 134 | 145.67 | 0 | 0 | 0.00 | 0.00 |
| Religion | 0 | 2 | 0 | 0 | 20 | 107 | 132.00 | 0 | 0 | 0.00 | 0.00 |
| Other Academic | 0 | 2 | 1 | 0 | 15 | 134 | 138.50 | 0 | 0 | 0.00 | 0.00 |
| Modern World | 0 | 2 | 1 | 1 | 15 | 115 | 130.00 | 0 | 0 | 0.00 | 0.00 |
| Science - Biology | 0 | 1 | 0 | 0 | 10 | 152 | 152.00 | 0 | 0 | 0.00 | 0.00 |
| Other Culture | 0 | 1 | 0 | 0 | 10 | 107 | 107.00 | 0 | 1 | 0.00 | 0.00 |
| Other Science (Computer Science) | 0 | 1 | 0 | 0 | 10 | 150 | 150.00 | 0 | 0 | 0.00 | 0.00 |
| Mythology | 0 | 1 | 0 | 0 | 10 | 108 | 108.00 | 0 | 0 | 0.00 | 0.00 |
| Social Science | 1 | 0 | 2 | 0 | 5 | 33 | 33.00 | 1 | 1 | 0.00 | 0.00 |
| Fine Arts - Painting and Sculpture | 0 | 0 | 1 | 0 | -5 | 0.00 | 0 | 0 | 0.00 | 0.00 | |
| Fine Arts - Other Arts | 0 | 0 | 1 | 0 | -5 | 0.00 | 0 | 0 | 0.00 | 0.00 |